|
|
|
|
| LEADER |
00000nab a2200000 a 4500 |
| 001 |
vtls010807298 |
| 003 |
SK-MaSNL |
| 005 |
20260303214140.0 |
| 008 |
230218s1968 xo |||||||||||||||||ukr| |
| 035 |
|
|
|a (urnnbn)urn:nbn:sk:snk:ar-0043hw
|
| 035 |
|
|
|a (uuid)2e2c4807-2400-4179-8d07-bf6efb850f40
|
| 035 |
|
|
|a urn:nbn:sk:snk-ab36bo
|
| 040 |
|
|
|a SNKBUCL
|b slo
|c SNKBUCL
|e AACR2
|
| 041 |
0 |
|
|a ukr
|
| 044 |
|
|
|a xo
|c SK
|
| 100 |
1 |
|
|a Holub, Miloslav
|4 aut
|9 997026
|
| 245 |
1 |
0 |
|a Studija z problemi pojezii
|c Miroslav Golub, Ivan Svitličnij
|
| 700 |
1 |
|
|a Svitličnij, Ivan
|4 trl
|9 1144709
|
| 773 |
0 |
|
|t Duklja : literaturno-chudožnij ta hromads'ko-polityčnyj al'manach
|g Roč. 16, č. 4 (1968), s. 269-270
|
| 958 |
|
|
|a OND
|
| 958 |
|
|
|a EUIPO
|
| 958 |
|
|
|a article2
|
| 999 |
|
|
|c 2215644
|d 2217574
|